Statistics for Assassin's Creed Unity Characters

Click here to take the quiz!

General Stats

  • This quiz has been taken 56 times
  • The average score is 6 of 14

Answer Stats

QuestionAnswer% Correct
Main protagonist's nameArno Dorian
98%
Main character's loverÉlise de la Serre
90%
Templar grandmaster and silversmithFrançois-Thomas Germain
70%
Father of the aboveFrançois de la Serre
65%
Main character's fatherCharles Dorian
58%
Fourth target; main character's "mentor"Pierre Bellec
53%
Eight target; recurring characterAloys La Touche
43%
Head of the Parisian BrotherhoodHonoré Gabriel Riqueti, comte de Mirabeau
30%
First target; assassinated in Notre DameCharles Gabriel Sivert
28%
Fifth target; assassinated on top of the Grand Châtelet prisonFrédéric Rouille
25%
Second target; assassinated under La Cour des MiraclesRoi des Thunes
25%
Third target; assassinated at the Holy Innocents' CemeteryChrétien Lafrenière
20%
Sixth target; only female targetMarie Lévesque
15%
Seventh target; assassinated at the Palais-RoyalLouis-Michel le Peletier
13%

Score Distribution

Percentile by Number Answered

Percent of People with Each Score

Your Score History

You have not taken this quiz